Honduras ante la integración agrícola en el Mercado Común Centroamericano /
Na minha lista:
| Autor principal: | |
|---|---|
| Autor Corporativo: | |
| Formato: | Anais de Congresso Livro |
| Idioma: | Spanish |
| Tags: |
Adicionar Tag
Sem tags, seja o primeiro a adicionar uma tag!
|
MARC
| LEADER | 00000nam a22000007a 4500 | ||
|---|---|---|---|
| 003 | cru CIDCACS/IIS | ||
| 005 | 20190201062528.0 | ||
| 007 | ta | ||
| 008 | 190130s1994 ho |||p|r||||||0| ||spa|d | ||
| 999 | |c 42144 |d 42144 | ||
| 040 | |c cru CIDCACS/IIS | ||
| 100 | 1 | |a Ponce C., J. Mario |9 8294 | |
| 245 | 1 | |a Honduras ante la integración agrícola en el Mercado Común Centroamericano / |c J. Mario Ponce C. | |
| 300 | |a páginas 53-84: |b tablas | ||
| 711 | |9 8296 |a Seminario Taller Sobre Apertura Externa, Integración Económica y Políticas Agroalimentarias en América Central |d 1995 julio | ||
| 773 | 0 | |0 18884 |9 2637 |a Universidad Nacional Autónoma de Honduras. |d Tegucigalpa: UNAH. Postgrado Centroamericano en Economía y Planificación del Desarrollo |o 18253 |t Revista Centroamericana de Economía / | |
| 942 | |2 ddc |c PP | ||
